000 00514nam a2200181Ia 4500
005 20250326125221.0
008 250326s9999 xx 000 0 und d
037 _aTextbook
040 _aFMSL
_beng
_cFMSL
041 _aeng
_2eng
084 _aX5:576 K6
_qFMSL
100 _aLutz F A
_9284543
245 0 _aProblem of international economic equilibrium
_cLutz F A
260 _aAmsterdam
_bAmsterdam, North-Holland
_c1966
300 _a75p
942 _cTB
_hX5:576 K6
999 _c1277053
_d1277053